Out of my mind (Record no. 317)
[ view plain ]
| 000 -LEADER | |
|---|---|
| fixed length control field | 00776njm a2200169 a 4500 |
| 001 - CONTROL NUMBER | |
| control field | ASINB00C838JUA |
| 005 - DATE AND TIME OF LATEST TRANSACTION | |
| control field | 20200421093826.0 |
| 008 - FIXED-LENGTH DATA ELEMENTS--GENERAL INFORMATION | |
| fixed length control field | 130724s2013 xxu eng d |
| 020 ## - INTERNATIONAL STANDARD BOOK NUMBER | |
| Terms of availability | �13.99 |
| 100 1# - MAIN ENTRY--PERSONAL NAME | |
| Personal name | Taylor, Cassie. |
| 9 (RLIN) | 1502 |
| 245 10 - TITLE STATEMENT | |
| Title | Out of my mind |
| Medium | [sound recording] / |
| Statement of responsibility, etc. | Cassie Taylor. |
| 260 ## - PUBLICATION, DISTRIBUTION, ETC. | |
| Place of publication, distribution, etc. | [S.l.] : |
| Name of publisher, distributor, etc. | Hypertension, |
| Date of publication, distribution, etc. | 2013. |
| 300 ## - PHYSICAL DESCRIPTION | |
| Extent | 1 sound disc : |
| Other physical details | digital ; |
| Dimensions | 4 3/4 in. |
| 505 0# - FORMATTED CONTENTS NOTE | |
| Title | Ol' mama dean (part 1) -- |
| -- | Ol' mama dean (part 2) -- |
| -- | Spare some love -- |
| -- | Out of my mind (intro) -- |
| -- | Out of my mind -- |
| -- | Lay my head on your pillow -- |
| -- | New orleans -- |
| -- | No ring blues -- |
| -- | No no -- |
| -- | Forgiveness -- |
| -- | Gone and dead -- |
| -- | That's my man -- |
| -- | Again. |
| 856 40 - ELECTRONIC LOCATION AND ACCESS | |
| Materials specified | Amazon.com |
| Uniform Resource Identifier | <a href="http://www.amazon.co.uk/exec/obidos/ASIN/B00C838JUA/chopaconline-20">http://www.amazon.co.uk/exec/obidos/ASIN/B00C838JUA/chopaconline-20</a> |
| 942 ## - ADDED ENTRY ELEMENTS (KOHA) | |
| Koha item type | Mixed Materials |
| Withdrawn status | Lost status | Damaged status | Not for loan | Collection | Home library | Current library | Shelving location | Date acquired | Barcode | Date last seen | Price effective from | Koha item type |
|---|---|---|---|---|---|---|---|---|---|---|---|---|
| Reference | Centerville | Centerville | Audio visual | 09/04/2014 | 39999000013955 | 09/04/2014 | 09/04/2014 | Music | ||||
| Reference | Fairview | Fairview | Audio visual | 09/04/2014 | 39999000013931 | 09/04/2014 | 09/04/2014 | Music |